La situación carcelaria de Nicaragua en 1985 /
Guardat en:
| Autor corporatiu: | |
|---|---|
| Format: | Text |
| Matèries: | |
| Etiquetes: |
Afegir etiqueta
Sense etiquetes, Sigues el primer a etiquetar aquest registre!
|
MARC
| LEADER | 00000 a a2200000 04500 | ||
|---|---|---|---|
| 001 | 47763 | ||
| 003 | |||
| 040 | |||
| 110 | |a Comisión Permanente de Derechos Humanos | ||
| 245 | |a La situación carcelaria de Nicaragua en 1985 / |c Comisión Permanente de Derechos Humanos | ||
| 650 | |a PRISION | ||
| 650 | |a SEGURIDAD HUMANA | ||
| 650 | |a NICARAGUA | ||
| 773 | |g número1, (enero-marzo 1986), páginas43-46 | ||
| 999 | |c 24910 |d 24910 | ||
